000
00287nam a2200121Ia 4500
008
190216s9999||||xx |||||||||||||| ||und||
100
_a
Latha Migalani
245
0
_a
Hindi-Vinjan Ghojom Aur Rehasya
260
_b
Navasug Sahithya
_c
2009
300
_a
213
650
_a
Hindi
942
_c
BK
999
_c
16670
_d
16670